000 00863nam a2200217Ia 4500
001 18927
005 20260409154127.0
008 260306s9999||||xx |||||||||||||| ||und||
041 _aESP
082 _a658.562
_bG96C 2013
100 _aGutiérrez Pulido, Humberto
_eAUT
245 0 _aControl estadístico de la calidad y seis sigma
260 _c2013
300 _axvi, 468 páginas :
_c27 cm.
650 _aGEN
654 _aCAN
856 _uhttps://itmsp.museknowledge.com/UCSP?url=https://www.ebooks7-24.com:443/?il=280&pg=1
_zVersión digital
856 _uhttps://0u213vsz7-y-https-ebooks7--24-com.itmsp.museknowledge.com/biblioteca.aspx
_zVéase además: Base de datos Ebook7-24
856 _uhttps://0u20fvszd-y-https-research-ebsco-com.itmsp.museknowledge.com/c/qxo6us/search
_zVéase además: Base de datos EBSCOhost
942 _cLIB
_dJUS
_fJUS
_2ddc
999 _c18927
_d18927